[Event "VII Open Autunno"]
[Site "Robecchetto con Induno ITA"]
[Date "2010.10.07"]
[Round "1"]
[White "Torretta, Gilberto"]
[Black "Vanzini, Mario"]
[Result "1-0"]
[WhiteElo "1692"]
[BlackElo "1428"]
[PlyCount "105"]
[EventDate "2010.10.07"]

1. e4 g6 2. d4 Bg7 3. Nc3 Nc6 4. Be3 e5 5. d5 Nce7 6. Qd2 Nf6 7. Bc4 d6 8. Nge2
Ng4 9. Bg5 O-O 10. f3 Nf6 11. O-O-O Kh8 12. g4 Neg8 13. h4 h6 14. Be3 a6 15. g5
Nh5 16. gxh6 Bf6 17. Bg5 Bxg5 18. hxg5 Kh7 19. Rdg1 b5 20. Bd3 Rb8 21. Ng3 Nf4
22. Nce2 Qxg5 23. Kd1 Qf6 24. Nxf4 Qxf4 25. Qxf4 exf4 26. Ne2 Nxh6 27. Nxf4 Kg7
28. Kd2 Bd7 29. Nh5+ Kh8 30. Nf6 Bc8 31. f4 Kg7 32. e5 Rh8 33. Nh5+ Kf8 34. Nf6
Kg7 35. Ne4 dxe5 36. fxe5 Nf5 37. Rxh8 Kxh8 38. Rh1+ Kg7 39. Nf6 Nh6 40. Ne8+
Kh7 41. Nxc7 Rb7 42. d6 Rb6 43. Be4 Kg7 44. Nd5 Rb8 45. Ne7 Ng4 46. Nxc8 Rxc8
47. Bb7 Rc5 48. Re1 Rxe5 49. d7 Rh5 50. d8=Q Rh2+ 51. Re2 Rh8 52. Qd4+ Nf6 53.
Rf2 1-0

[Event "VII Open Autunno"]
[Site "Robecchetto con Induno ITA"]
[Date "2010.10.07"]
[Round "1"]
[White "Turini, Gianluca"]
[Black "Colli, Gianmaria"]
[Result "1-0"]
[WhiteElo "1781"]
[BlackElo "1535"]
[PlyCount "89"]
[EventDate "2010.10.07"]

1. d4 d5 2. c4 e6 3. Nc3 Nf6 4. Bg5 Be7 5. e3 Nbd7 6. Nf3 Nb6 7. c5 Nbd7 8. Bd3
b6 9. b4 bxc5 10. bxc5 c6 11. O-O O-O 12. Qc2 Qc7 13. Bf4 Qd8 14. Qa4 Bb7 15.
Rfb1 Qc8 16. h3 Bd8 17. Rb2 Bc7 18. Rab1 Bxf4 19. Rxb7 Bh6 20. Rxa7 Rxa7 21.
Qxa7 Re8 22. Rb7 e5 23. Nxe5 Nxe5 24. dxe5 Ne4 25. Nxe4 dxe4 26. Bxe4 Qe6 27.
Rb8 g6 28. Rxe8+ Qxe8 29. Qc7 Qe6 30. a4 Qc4 31. Qxc6 Qc1+ 32. Kh2 Qe1 33. Qf6
Bg7 34. Qd8+ Bf8 35. Kg3 Qc3 36. Qd4 Qa3 37. c6 Bc5 38. Qd8+ Kg7 39. Qf6+ Kh6
40. c7 Bxe3 41. fxe3 Qxe3+ 42. Qf3 Qg5+ 43. Kh2 Qxe5+ 44. Qg3 Qe8 45. Bb7 1-0

[Event "VII Open Autunno"]
[Site "Robecchetto con Induno ITA"]
[Date "2010.10.14"]
[Round "2"]
[White "Colli, Gianmaria"]
[Black "Turchi, Alessandro"]
[Result "0-1"]
[WhiteElo "1535"]
[BlackElo "1428"]
[PlyCount "116"]
[EventDate "2010.10.07"]

1. Nf3 Nf6 2. d4 g6 3. Bf4 Bg7 4. e3 O-O 5. Bd3 d6 6. c3 e5 7. dxe5 dxe5 8.
Nxe5 Nbd7 9. Nf3 Nc5 10. Be2 Qxd1+ 11. Kxd1 Rd8+ 12. Nbd2 c6 13. Nd4 Nce4 14.
Bg3 Nxd2 15. Kxd2 c5 16. Bc7 Rd7 17. Be5 Ne4+ 18. Ke1 Bxe5 19. Nf3 Bg7 20. h4
b6 21. Bb5 Rd6 22. h5 h6 23. Bc4 Be6 24. Bxe6 Rxe6 25. hxg6 fxg6 26. Rd1 Rd6
27. Rxd6 Nxd6 28. Ke2 Rd8 29. Rd1 Bf6 30. Nh2 h5 31. Nf3 Nc4 32. Rxd8+ Bxd8 33.
b3 Na3 34. Kd3 Bf6 35. Nd2 Nb5 36. c4 Nc3 37. a3 Nd1 38. Ne4 Kg7 39. Kc2 Nxe3+
40. fxe3 Be5 41. Ng5 Bf6 42. Ne6+ Kf7 43. Nf4 Bg5 44. Kd3 Bxf4 45. exf4 h4 46.
Ke4 Kf6 47. b4 Ke6 48. b5 Kf6 49. a4 Ke6 50. Ke3 Kf5 51. Kf3 g5 52. fxg5 Kxg5
53. Kf2 Kf4 54. Kg1 Ke4 55. Kh2 Kd4 56. Kh3 Kxc4 57. Kxh4 Kd5 58. g4 c4 0-1

[Event "VII Open Autunno"]
[Site "Robecchetto con Induno ITA"]
[Date "2010.10.14"]
[Round "2"]
[White "Colombo, Maurizio"]
[Black "Torretta, Gilberto"]
[Result "0-1"]
[WhiteElo "1775"]
[BlackElo "1692"]
[PlyCount "88"]
[EventDate "2010.10.07"]

1. d4 Nf6 2. c4 g6 3. Nc3 Bg7 4. e4 O-O 5. Nf3 c5 6. d5 d6 7. Be2 e5 8. Bg5
Nbd7 9. Nd2 h6 10. Bh4 g5 11. Bg3 Nh7 12. Bg4 Ndf6 13. Bxc8 Rxc8 14. f3 Nh5 15.
Bf2 f5 16. exf5 Nf4 17. g4 Nf6 18. Nde4 a6 19. a4 Qb6 20. Rb1 Qb4 21. b3 Nxe4
22. fxe4 Qxc3+ 23. Kf1 Qh3+ 24. Ke1 Qg2 25. Rg1 Qxe4+ 26. Kf1 Nh3 27. Rg3 Qh1+
28. Ke2 Qxd1+ 29. Rxd1 Nxf2 30. Kxf2 e4 31. Ke3 Rce8 32. h3 Be5 33. Rgg1 Bf4+
34. Ke2 e3 35. Rgf1 Re4 36. Rf3 Rfe8 37. Rd3 Rd4 38. Rf1 Ree4 39. Rfd1 Rxd3 40.
Rxd3 Rd4 41. Rc3 Rd2+ 42. Kf1 e2+ 43. Ke1 Rb2 44. Rd3 Kf7 0-1

[Event "VII Open Autunno"]
[Site "Robecchetto con Induno ITA"]
[Date "2010.10.14"]
[Round "2"]
[White "Loaldi, Davide"]
[Black "Fiocchi, Marco"]
[Result "1/2-1/2"]
[WhiteElo "1623"]
[BlackElo "1428"]
[PlyCount "39"]
[EventDate "2010.10.07"]

1. d4 g6 2. Nf3 Bg7 3. e4 d6 4. Bd3 a6 5. O-O b5 6. c4 e5 7. cxb5 exd4 8. Qa4
Qd7 9. Nxd4 Bb7 10. Nc3 c6 11. bxc6 Bxc6 12. Nxc6 Nxc6 13. Nd5 Bd4 14. Be3 Ba7
15. Bxa7 Rxa7 16. Rac1 Ra8 17. Rxc6 Rc8 18. Rxa6 Qxa4 19. Rxa4 Kd7 20. Nb6+
1/2-1/2

[Event "VII Open Autunno"]
[Site "Robecchetto con Induno ITA"]
[Date "2010.10.14"]
[Round "2"]
[White "Paolillo, Giampiero"]
[Black "Buratti, Roberto"]
[Result "0-1"]
[WhiteElo "1693"]
[BlackElo "1612"]
[PlyCount "74"]
[EventDate "2010.10.07"]

1. e4 e5 2. Nc3 Nf6 3. f4 d5 4. fxe5 Nxe4 5. Qe2 Nxc3 6. dxc3 c6 7. Be3 Be7 8.
O-O-O O-O 9. Nf3 Bg4 10. h3 Be6 11. Nd4 Bd7 12. Nb3 Bg5 13. h4 Bxe3+ 14. Qxe3
Qe7 15. Bd3 Re8 16. Rde1 f6 17. e6 Qxe6 18. Qf2 Qf7 19. Nc5 b6 20. Nxd7 Nxd7
21. Qf5 g6 22. Qf4 Ne5 23. g4 Nxd3+ 24. cxd3 Re6 25. h5 Rae8 26. Rxe6 Qxe6 27.
hxg6 hxg6 28. Qh2 Qe3+ 29. Kb1 Qxd3+ 30. Ka1 Re2 31. Qb8+ Kf7 32. Rh7+ Ke6 33.
Qe8+ Kd6 34. Qf8+ Ke5 35. Re7+ Kf4 36. Qxf6+ Kxg4 37. Qf1 Rxe7 0-1

[Event "VII Open Autunno"]
[Site "Robecchetto con Induno ITA"]
[Date "2010.10.14"]
[Round "2"]
[White "Pinciroli, Giovanni"]
[Black "Barrera, Pietro"]
[Result "0-1"]
[WhiteElo "1449"]
[BlackElo "1886"]
[PlyCount "80"]
[EventDate "2010.10.07"]

1. e4 g6 2. Nc3 Bg7 3. d4 d6 4. Bc4 a6 5. f4 e6 6. Nf3 Nf6 7. O-O O-O 8. Bb3 b5
9. a3 Nc6 10. e5 Nd7 11. Ne2 Nb6 12. c3 Bb7 13. Ng5 Qe7 14. Ng3 Na5 15. Ba2
Rad8 16. Qg4 Nd5 17. Qh3 h6 18. N5e4 Nc4 19. Bxc4 bxc4 20. Ne2 Nb6 21. N2g3 Nd5
22. Nf2 c5 23. Ng4 h5 24. Nf2 cxd4 25. cxd4 Nb6 26. Nfe4 dxe5 27. dxe5 Rd3 28.
Re1 Bxe4 29. Rxe4 h4 30. Re3 hxg3 31. Qxg3 Rfd8 32. Qf3 Qc5 33. Kf1 Qb5 34. Kf2
Qb3 35. Kg3 Bf8 36. Kg4 Bc5 37. Rxd3 Qxd3 38. Qc6 Qf5+ 39. Kg3 Rd3+ 40. Kh4
Qh5# 0-1

[Event "VII Open Autunno"]
[Site "Robecchetto con Induno ITA"]
[Date "2010.10.14"]
[Round "2"]
[White "Puricelli, Roberto"]
[Black "Sartorio, Alessandro"]
[Result "1-0"]
[WhiteElo "1521"]
[BlackElo "1350"]
[PlyCount "111"]
[EventDate "2010.10.07"]

1. e4 e5 2. Nf3 Nc6 3. Bc4 Nf6 4. Ng5 d5 5. exd5 Na5 6. Bb5+ Bd7 7. Bxd7+ Qxd7
8. Qe2 Qxd5 9. O-O e4 10. d3 h6 11. Nc3 Qe5 12. Ngxe4 Nxe4 13. Qxe4 Qxe4 14.
Nxe4 O-O-O 15. Be3 Nc6 16. a3 b6 17. b4 f5 18. Nd2 Bd6 19. Nc4 Be7 20. b5 Bf6
21. bxc6 Bxa1 22. Rxa1 Rd5 23. a4 Rf8 24. f4 g5 25. a5 b5 26. Ne5 gxf4 27. Bxf4
Re8 28. Re1 b4 29. Rb1 Rxa5 30. Rxb4 Raxe5 31. Bxe5 Rxe5 32. d4 Re6 33. d5 Rd6
34. c4 Kd8 35. Rb7 a5 36. Ra7 Rg6 37. Rxa5 Ke7 38. Kf2 Kd6 39. h3 Ke5 40. Kf3
Kd4 41. Kf4 Kxc4 42. Kxf5 Rxg2 43. Ra7 Rg7 44. Kf6 Rh7 45. Kg6 Re7 46. Kxh6 Re5
47. Rxc7 Rxd5 48. Rd7 Rc5 49. c7 Kb5 50. Rd5 Rxd5 51. c8=Q Rd6+ 52. Kg7 Rc6 53.
Qb7+ Kc5 54. h4 Kd6 55. h5 Rc4 56. Qa6+ 1-0

[Event "VII Open Autunno"]
[Site "Robecchetto con Induno ITA"]
[Date "2010.10.14"]
[Round "2"]
[White "Saccani, Ettore"]
[Black "Rosescu, Liviu"]
[Result "0-1"]
[WhiteElo "1800"]
[BlackElo "1494"]
[PlyCount "34"]
[EventDate "2010.10.07"]

1. e4 g6 2. d4 d6 3. Nf3 Bg7 4. Bc4 a6 5. O-O b5 6. Bb3 e6 7. Be3 Bb7 8. Nbd2
Nf6 9. Re1 Bxe4 10. Bg5 Bb7 11. Bxe6 fxe6 12. Rxe6+ Kf7 13. Qe2 Re8 14. Rxe8
Qxe8 15. Qd3 Bxf3 16. Qxf3 Nbd7 17. Ne4 Qxe4 0-1

[Event "VII Open Autunno"]
[Site "Robecchetto con Induno ITA"]
[Date "2010.10.14"]
[Round "2"]
[White "Santarelli, Sabatino"]
[Black "Macchiettini, Pierangelo"]
[Result "1-0"]
[WhiteElo "1671"]
[BlackElo "1700"]
[PlyCount "115"]
[EventDate "2010.10.07"]

1. Nf3 c5 2. g3 Nf6 3. Bg2 d6 4. c4 g6 5. Nc3 Bg7 6. O-O O-O 7. d4 cxd4 8. Nxd4
a6 9. Bg5 Nbd7 10. Qd2 Re8 11. Rac1 Qa5 12. Nb3 Qd8 13. Nd5 Rb8 14. c5 Nxd5 15.
Bxd5 Nf6 16. Bg2 d5 17. Rfd1 Qc7 18. Qa5 Qxa5 19. Nxa5 Ne4 20. Bxe4 dxe4 21. b3
Bf5 22. Nc4 Bg4 23. Kf1 h6 24. Bd2 Red8 25. Ba5 Rxd1+ 26. Rxd1 Rc8 27. Bb6 Bc3
28. Rd8+ Rxd8 29. Bxd8 Kf8 30. Ne3 Bh3+ 31. Kg1 Be6 32. Bb6 Ke8 33. Kg2 Kd7 34.
f3 exf3+ 35. Kxf3 Kc6 36. Bd8 Kd7 37. Bb6 Kc6 38. Nc2 Bf5 39. e4 Be6 40. Ke3
Bh3 41. Nd4+ Kd7 42. Kd3 Be1 43. Nf3 Bf1+ 44. Kc2 Bb4 45. Ne5+ Ke8 46. Nd3 Ba3
47. Kc3 h5 48. e5 Kd7 49. e6+ Kxe6 50. Nf4+ Kd7 51. Nd5 Bg2 52. Nf4 Bf3 53. b4
Bc1 54. Nd3 Bh6 55. Ne5+ Ke8 56. Nxf3 Bg7+ 57. Kc4 e5 58. Kd5 1-0

[Event "VII Open Autunno"]
[Site "Robecchetto con Induno ITA"]
[Date "2010.10.14"]
[Round "2"]
[White "Volpe, Antonio"]
[Black "Turini, Gianluca"]
[Result "0-1"]
[WhiteElo "1672"]
[BlackElo "1781"]
[PlyCount "118"]
[EventDate "2010.10.07"]

1. e4 c6 2. f4 d5 3. e5 e6 4. Nf3 Qb6 5. d4 c5 6. c3 Nc6 7. a4 a6 8. Be2 Nh6 9.
O-O cxd4 10. Kh1 dxc3 11. bxc3 Bc5 12. Ba3 Ng4 13. Nd4 Ne3 14. Qe1 Nxf1 15.
Bxf1 Bxa3 16. Nxa3 Nxd4 17. a5 Qc5 18. cxd4 Qxd4 19. Qc1 O-O 20. Rb1 Qa4 21.
Ra1 Qxa5 22. Nb5 Qd8 23. Nd6 Rb8 24. Ra3 f6 25. Be2 b5 26. Rh3 f5 27. Qe1 Qe7
28. Bd3 g6 29. Qb1 b4 30. Qd1 a5 31. g4 b3 32. gxf5 exf5 33. Rg3 b2 34. Bb1 Be6
35. Qh5 Qg7 36. Qd1 Qc7 37. Rg1 Qc6 38. h4 Bf7 39. Nxf5 Qc3 40. Kh2 Be6 41.
Ne7+ Kh8 42. Rg3 Qc1 43. Qd3 Bf5 44. Nxf5 Rxf5 45. e6 Qxf4 46. Qc3+ Qe5 47. Qd2
Rf3 48. Qg2 Qxg3+ 49. Qxg3 Rxg3 50. Kxg3 Kg7 51. Kf4 Kf6 52. e7 Kxe7 53. Kg5
Rb7 54. Kh6 Kd6 55. Kg5 Kc5 56. Kf4 d4 57. Ke4 Kc4 58. Bd3+ Kc3 59. Bb1 a4 0-1

[Event "VII Open Autunno"]
[Site "Robecchetto con Induno ITA"]
[Date "2010.10.21"]
[Round "3"]
[White "Barrera, Pietro"]
[Black "Colombo, Maurizio"]
[Result "1/2-1/2"]
[WhiteElo "1886"]
[BlackElo "1775"]
[PlyCount "58"]
[EventDate "2010.10.07"]

1. d4 d5 2. Nf3 Nf6 3. Bg5 Ne4 4. Bh4 g6 5. e3 Bg7 6. Bd3 Nf6 7. Nbd2 O-O 8.
O-O Nbd7 9. c3 c6 10. Qc2 Re8 11. Rad1 e5 12. dxe5 Nxe5 13. Nxe5 Rxe5 14. Nf3
Re8 15. h3 Qb6 16. Rfe1 Ne4 17. Nd2 Nc5 18. Nb3 Nxd3 19. Qxd3 Bf5 20. Qd2 h5
21. Nd4 Bxd4 22. exd4 Kg7 23. b4 Qc7 24. Bg3 Qd7 25. Bf4 Rxe1+ 26. Rxe1 Re8 27.
Bh6+ Kh7 28. Bf4 Rxe1+ 29. Qxe1 Qe6 1/2-1/2

[Event "VII Open Autunno"]
[Site "Robecchetto con Induno ITA"]
[Date "2010.10.21"]
[Round "3"]
[White "Buratti, Roberto"]
[Black "Santarelli, Sabatino"]
[Result "1-0"]
[WhiteElo "1612"]
[BlackElo "1671"]
[PlyCount "81"]
[EventDate "2010.10.07"]

1. e4 c5 2. d4 cxd4 3. Nf3 Nc6 4. Nxd4 Nf6 5. Nxc6 bxc6 6. Bd3 Qc7 7. c4 e6 8.
Nc3 h6 9. O-O Bc5 10. a3 a5 11. Qe2 Bd4 12. Bd2 Rb8 13. Rab1 O-O 14. b4 axb4
15. axb4 d6 16. b5 e5 17. Rbc1 Bg4 18. Qe1 Rfc8 19. Kh1 Qe7 20. f3 Bd7 21. bxc6
Bxc6 22. Qg3 Kh8 23. Nd5 Nxd5 24. exd5 Bd7 25. Qe1 f5 26. Be3 Bxe3 27. Qxe3 Rb3
28. Rfd1 Ra8 29. Ra1 Qd8 30. Qe2 Rba3 31. Rxa3 Rxa3 32. Rb1 Qa8 33. g4 g6 34.
Qc2 Ba4 35. Qd2 Kg7 36. gxf5 Be8 37. fxg6 Ra2 38. Qb4 Ra1 39. Qxd6 Rxb1+ 40.
Bxb1 Qa1 41. Qe7+ 1-0

[Event "VII Open Autunno"]
[Site "Robecchetto con Induno ITA"]
[Date "2010.10.21"]
[Round "3"]
[White "Fiocchi, Marco"]
[Black "Pinciroli, Giovanni"]
[Result "0-1"]
[WhiteElo "1428"]
[BlackElo "1449"]
[PlyCount "60"]
[EventDate "2010.10.07"]

1. e4 c6 2. d4 d5 3. Nc3 dxe4 4. Nxe4 Nd7 5. Nf3 Ndf6 6. Nxf6+ Nxf6 7. Bd3 Bg4
8. c3 e6 9. Bg5 Be7 10. Bxf6 Bxf6 11. Be2 O-O 12. O-O Qb6 13. b3 Rad8 14. Qd2
c5 15. Qf4 Bxf3 16. Bxf3 cxd4 17. cxd4 Rxd4 18. Qe3 Rd6 19. Qxb6 Rxb6 20. Rad1
Rb5 21. Rd7 Rb8 22. Rc1 Be5 23. Rcd1 g6 24. Be2 Rb4 25. g3 a5 26. f4 Bc3 27.
R1d6 Re4 28. Kf2 Bb4 29. Rb6 Bc5+ 30. Kf3 Re3+ 0-1

[Event "VII Open Autunno"]
[Site "Robecchetto con Induno ITA"]
[Date "2010.10.21"]
[Round "3"]
[White "Macchiettini, Pierangelo"]
[Black "Loaldi, Davide"]
[Result "1-0"]
[WhiteElo "1700"]
[BlackElo "1623"]
[PlyCount "87"]
[EventDate "2010.10.07"]

1. d4 d5 2. Nf3 Nf6 3. c4 e6 4. a3 Be7 5. e3 O-O 6. Nc3 c5 7. cxd5 Nxd5 8. Bd2
Nc6 9. dxc5 Bxc5 10. Be2 a6 11. Rc1 Be7 12. O-O Bf6 13. Qc2 g6 14. Rfd1 Qe7 15.
Nxd5 exd5 16. Bc3 Bf5 17. Bd3 Be4 18. Bxf6 Qxf6 19. Bxe4 dxe4 20. Nd4 Nxd4 21.
Rxd4 Rac8 22. Qd2 Rxc1+ 23. Qxc1 Re8 24. h3 Qe5 25. Qc4 Kg7 26. b4 Re6 27. Qd5
Qxd5 28. Rxd5 Re7 29. b5 axb5 30. Rxb5 f5 31. a4 Kf6 32. Kf1 Rd7 33. Ke2 Ke7
34. Rb4 Kd8 35. f3 Re7 36. fxe4 fxe4 37. Kf2 Kc7 38. Kg3 Kc6 39. Kf4 Kd5 40.
Rd4+ Kc5 41. Rxe4 Rxe4+ 42. Kxe4 Kb4 43. Kd5 Kxa4 44. e4 1-0

[Event "VII Open Autunno"]
[Site "Robecchetto con Induno ITA"]
[Date "2010.10.21"]
[Round "3"]
[White "Puricelli, Giancarlo"]
[Black "Puricelli, Roberto"]
[Result "1/2-1/2"]
[WhiteElo "1560"]
[BlackElo "1521"]
[PlyCount "143"]
[EventDate "2010.10.07"]

1. d4 d5 2. e3 e6 3. Nf3 c5 4. c3 Nf6 5. Nbd2 Nbd7 6. Bd3 b6 7. O-O Bb7 8. Re1
Bd6 9. a3 O-O 10. Qe2 Qc7 11. e4 e5 12. dxe5 Nxe5 13. Nxe5 Bxe5 14. Nf3 dxe4
15. Nxe5 Rfe8 16. Bb5 Qxe5 17. Bxe8 Rxe8 18. Qe3 Ng4 19. Qf4 f5 20. h3 Nf6 21.
Qxe5 Rxe5 22. b4 c4 23. Be3 Nd5 24. Bd4 Re7 25. a4 a6 26. Re2 Nf4 27. Re3 Nd3
28. Bxb6 Re6 29. Bd4 f4 30. Re2 Rg6 31. Rd2 Rxg2+ 32. Kxg2 e3+ 33. Kf1 exd2 34.
Rd1 Nb2 35. Rxd2 Nxa4 36. Be5 Bc6 37. Rd4 g5 38. Rd6 Bb5 39. Rd8+ Kf7 40. Rh8
Kg6 41. Rg8+ Kf5 42. Bd4 h5 43. Ke2 Nb2 44. Rh8 h4 45. Rh6 Nd3 46. Rf6+ Ke4 47.
f3+ Kd5 48. Rf5+ Kd6 49. Rxg5 Bd7 50. Rh5 Bxh3 51. Rxh4 Bc8 52. Rh5 Kc6 53.
Rh6+ Kb5 54. Rb6+ Ka4 55. Rc6 Bb7 56. Rxc4 Nc1+ 57. Kf2 Kb3 58. Rc7 Bd5 59. Rc8
Nd3+ 60. Ke2 Nc1+ 61. Kd2 Na2 62. Ke2 Nc1+ 63. Kd2 Na2 64. Rf8 Bxf3 65. Rxf4
Bd5 66. Rh4 Bc4 67. Bc5 Bb5 68. Rf4 Bc4 69. Rxc4 Kxc4 70. Kc2 Nxc3 71. Bf2 Kxb4
72. Be1 1/2-1/2

[Event "VII Open Autunno"]
[Site "Robecchetto con Induno ITA"]
[Date "2010.10.21"]
[Round "3"]
[White "Rosescu, Liviu"]
[Black "Paolillo, Giampiero"]
[Result "0-1"]
[WhiteElo "1494"]
[BlackElo "1693"]
[PlyCount "100"]
[EventDate "2010.10.07"]

1. c4 e5 2. e4 Nf6 3. Nc3 Bb4 4. d3 Nc6 5. a3 Bxc3+ 6. bxc3 d6 7. h3 h6 8. Be2
O-O 9. Be3 Ne8 10. Bg4 Bd7 11. Ne2 f5 12. exf5 Bxf5 13. Bxf5 Rxf5 14. Ng3 Rf7
15. Qd2 Qh4 16. O-O Ne7 17. a4 a5 18. Qb2 b6 19. Qb3 Nf6 20. Qd1 Raf8 21. Ra2
g5 22. Ne4 Nxe4 23. dxe4 Qxe4 24. Ra1 Nf5 25. Qe2 Qc6 26. Qd3 Nh4 27. Qd5 Qxd5
28. cxd5 Ng6 29. g3 Ne7 30. c4 Nf5 31. Kg2 Nxe3+ 32. fxe3 Rxf1 33. Rxf1 Rxf1
34. Kxf1 Kf7 35. Ke2 Ke7 36. Kf3 Kd7 37. Kg4 c6 38. e4 Kc7 39. Kf5 b5 40. cxb5
cxb5 41. axb5 a4 42. Ke6 a3 43. b6+ Kxb6 44. Kxd6 a2 45. Kxe5 a1=Q+ 46. Ke6 Qa8
47. e5 Qe8+ 48. Kd6 Kb7 49. e6 Kc8 50. Ke5 Kc7 0-1

[Event "VII Open Autunno"]
[Site "Robecchetto con Induno ITA"]
[Date "2010.10.21"]
[Round "3"]
[White "Sartorio, Alessandro"]
[Black "Colli, Gianmaria"]
[Result "0-1"]
[WhiteElo "1350"]
[BlackElo "1535"]
[PlyCount "68"]
[EventDate "2010.10.07"]

1. d4 Nf6 2. c4 c6 3. Nc3 e6 4. e4 Qa5 5. Nf3 Nxe4 6. Bd2 Nxd2 7. Nxd2 Bb4 8.
Nde4 d5 9. a3 dxe4 10. axb4 Qxb4 11. Qc2 f5 12. Ra4 Qd6 13. c5 Qe7 14. Bc4 O-O
15. O-O Nd7 16. Qb3 Nf6 17. Raa1 Nd5 18. f3 Nxc3 19. Qxc3 exf3 20. Qxf3 Qf6 21.
Qc3 a6 22. g4 Qg5 23. h3 Bd7 24. Rae1 Rae8 25. Qg3 fxg4 26. Rxf8+ Rxf8 27.
Bxe6+ Bxe6 28. Rxe6 Qc1+ 29. Kh2 Qxb2+ 30. Qg2 Qxd4 31. Kg3 Qd3+ 32. Kh4 gxh3
33. Qa2 Rf4+ 34. Kg5 Qf5# 0-1

[Event "VII Open Autunno"]
[Site "Robecchetto con Induno ITA"]
[Date "2010.10.21"]
[Round "3"]
[White "Turchi, Alessandro"]
[Black "Volpe, Antonio"]
[Result "0-1"]
[WhiteElo "1428"]
[BlackElo "1672"]
[PlyCount "126"]
[EventDate "2010.10.07"]

1. d4 g6 2. Bf4 Bg7 3. e3 d6 4. Nc3 a6 5. Nf3 Nd7 6. Bd3 h6 7. h4 e6 8. Qe2 Ne7
9. O-O-O b5 10. g4 Bb7 11. Rh3 Nb6 12. b3 b4 13. Ne4 Ned5 14. c4 bxc3 15. Kb1
O-O 16. Rc1 Nxf4 17. exf4 Nd5 18. Rg3 Nxf4 19. Qd1 a5 20. Nxc3 Nxd3 21. Qxd3
Bxf3 22. Qxf3 Bxd4 23. g5 h5 24. Ne4 c5 25. Nf6+ Kg7 26. a4 Bxf6 27. gxf6+ Qxf6
28. Qxh5 Rh8 29. Qd1 Qf5+ 30. Rc2 Qd5 31. Qxd5 exd5 32. Rh3 Rh5 33. f4 Re8 34.
Rf2 c4 35. Kc2 Re4 36. Kc3 Rf5 37. Rhf3 cxb3 38. Kxb3 d4 39. Ka3 Re3+ 40. Rxe3
dxe3 41. Re2 Rxf4 42. Rxe3 Rxh4 43. Rd3 Kf8 44. Rd5 Ke7 45. Rxa5 Rc4 46. Ra7+
Ke6 47. a5 f5 48. a6 Rc8 49. Ka4 Rb8 50. Ka5 g5 51. Rb7 Ra8 52. Kb6 f4 53. a7
f3 54. Rb8 Rxa7 55. Kxa7 Ke5 56. Re8+ Kf4 57. Re6 d5 58. Rf6+ Kg3 59. Rf5 g4
60. Rxd5 Kg2 61. Rg5 g3 62. Rd5 f2 63. Rd2 Kg1 0-1

[Event "VII Open Autunno"]
[Site "Robecchetto con Induno ITA"]
[Date "2010.10.21"]
[Round "3"]
[White "Turini, Gianluca"]
[Black "Torretta, Gilberto"]
[Result "1-0"]
[WhiteElo "1781"]
[BlackElo "1692"]
[PlyCount "75"]
[EventDate "2010.10.07"]

1. d4 Nf6 2. c4 g6 3. Nc3 Bg7 4. e4 c5 5. d5 d6 6. Bd3 O-O 7. Nge2 e5 8. O-O
Nbd7 9. Ng3 h6 10. f3 Nh7 11. Be3 Nb6 12. Qc2 Ng5 13. b3 Bd7 14. Rab1 Nc8 15.
b4 b6 16. bxc5 bxc5 17. f4 exf4 18. Bxf4 Bd4+ 19. Kh1 Bg4 20. Nb5 a6 21. Nxd4
cxd4 22. e5 dxe5 23. Bxe5 Ne7 24. Bxd4 Rc8 25. Qf2 Nf5 26. Nxf5 Bxf5 27. Bxf5
gxf5 28. Qxf5 Rxc4 29. Bf6 Qc8 30. Bxg5 hxg5 31. Qxg5+ Kh7 32. Rb3 Rc3 33. Rxc3
Qxc3 34. h3 f6 35. Qf5+ Kg7 36. d6 Rd8 37. Qe6 Qd3 38. Qxf6+ 1-0

[Event "VII Open Autunno"]
[Site "Robecchetto con Induno ITA"]
[Date "2010.10.21"]
[Round "3"]
[White "Vanzini, Mario"]
[Black "Saccani, Ettore"]
[Result "0-1"]
[WhiteElo "1428"]
[BlackElo "1800"]
[PlyCount "98"]
[EventDate "2010.10.07"]

1. e4 e6 2. d4 d5 3. e5 b6 4. Nf3 Ba6 5. Bd3 c5 6. O-O Bxd3 7. Qxd3 Nc6 8. Qb5
Qd7 9. dxc5 Bxc5 10. Bg5 Nxe5 11. Qe2 Nxf3+ 12. Qxf3 Ne7 13. Nc3 Ng6 14. Rfe1
O-O 15. a3 f6 16. Bd2 Ne5 17. Qd1 Rad8 18. b4 Bd4 19. Ra2 Nc4 20. Ne2 Be5 21.
Bf4 Bxf4 22. Nxf4 e5 23. Ne2 Qc6 24. c3 f5 25. Qb3 f4 26. f3 b5 27. a4 Qb6+ 28.
Kh1 Qf2 29. Qd1 Ne3 30. Nc1 Nxd1 31. Rxf2 Nxf2+ 32. Kg1 e4 33. Kxf2 e3+ 34. Ke2
bxa4 35. Nd3 Rc8 36. Nc5 a5 37. Ra1 axb4 38. cxb4 Ra8 39. Ra3 Rfc8 40. g3 g5
41. gxf4 gxf4 42. Kd3 Kf7 43. Nd7 Re8 44. Ke2 Re7 45. Nb6 Rd8 46. Rxa4 d4 47.
Nc4 d3+ 48. Ke1 d2+ 49. Nxd2 exd2+ 0-1

[Event "VII Open Autunno"]
[Site "Robecchetto con Induno ITA"]
[Date "2010.10.28"]
[Round "4"]
[White "Buratti, Roberto"]
[Black "Turini, Gianluca"]
[Result "1-0"]
[WhiteElo "1612"]
[BlackElo "1781"]
[PlyCount "115"]
[EventDate "2010.10.07"]

1. e4 c6 2. d4 d5 3. Bd3 dxe4 4. Bxe4 Nf6 5. Bf3 Bf5 6. Ne2 e6 7. O-O Bd6 8. c3
O-O 9. Nd2 Qc7 10. Ng3 Bg6 11. Nc4 Nbd7 12. Nxd6 Qxd6 13. Qb3 Nb6 14. Bg5 h6
15. Bh4 Qf4 16. Bxf6 Qxf6 17. a4 Rab8 18. a5 Nd5 19. Bxd5 exd5 20. Rfe1 Qd8 21.
Qa3 Qc7 22. Re7 Qc8 23. Rae1 Rd8 24. a6 Rd7 25. Re8+ Qxe8 26. Rxe8+ Rxe8 27. h3
b6 28. Qa4 Rd6 29. Qd1 Rde6 30. Qg4 c5 31. dxc5 bxc5 32. f4 Bd3 33. f5 Rxa6 34.
Nh5 g6 35. fxg6 Bxg6 36. Nf4 Kh7 37. Qd7 Re1+ 38. Kf2 Raa1 39. Qxd5 Reb1 40.
Qb3 c4 41. Qxc4 Rxb2+ 42. Kg3 Raa2 43. h4 h5 44. Qc5 a5 45. c4 a4 46. Nxh5
Rxg2+ 47. Kf4 Rgf2+ 48. Ke3 Rae2+ 49. Kd4 Rd2+ 50. Kc3 a3 51. Nf6+ Kg7 52. Ng4
a2 53. Qe5+ Kh7 54. Kb3 Rb2+ 55. Qxb2 Rxb2+ 56. Kxb2 a1=Q+ 57. Kxa1 Be4 58.
Nf6+ 1-0

[Event "VII Open Autunno"]
[Site "Robecchetto con Induno ITA"]
[Date "2010.10.28"]
[Round "4"]
[White "Colombo, Maurizio"]
[Black "Puricelli, Roberto"]
[Result "1-0"]
[WhiteElo "1775"]
[BlackElo "1521"]
[PlyCount "65"]
[EventDate "2010.10.07"]

1. d4 d5 2. c4 c6 3. Nf3 Nf6 4. Nc3 Bg4 5. Ne5 Nbd7 6. Nxg4 Nxg4 7. e4 Ngf6 8.
e5 Ng8 9. cxd5 cxd5 10. Nxd5 e6 11. Nc3 Bb4 12. Bd2 Ne7 13. Qa4 Qa5 14. Bb5
Qxa4 15. Nxa4 Bxd2+ 16. Kxd2 Rc8 17. Nc5 Nc6 18. Nxb7 Nxd4 19. Nd6+ Kd8 20.
Bxd7 Kxd7 21. Nxc8 Rxc8 22. Rac1 Rd8 23. Ke3 Nf5+ 24. Ke4 Ke7 25. Rhd1 Rb8 26.
Rc7+ Ke8 27. b3 Rb4+ 28. Rc4 Rb7 29. g4 Ne7 30. Rd6 Ng6 31. f4 Ke7 32. Ra4 f6
33. Rda6 1-0

[Event "VII Open Autunno"]
[Site "Robecchetto con Induno ITA"]
[Date "2010.10.28"]
[Round "4"]
[White "Loaldi, Davide"]
[Black "Turchi, Alessandro"]
[Result "0-1"]
[WhiteElo "1623"]
[BlackElo "1428"]
[PlyCount "58"]
[EventDate "2010.10.07"]

1. d4 Nf6 2. Nf3 g6 3. c4 Bg7 4. Nc3 d6 5. Bg5 O-O 6. e3 h6 7. Bf4 c5 8. h3 a5
9. Bd3 Na6 10. O-O b6 11. Re1 Bb7 12. a3 Re8 13. Be2 Qd7 14. Qc2 Rab8 15. e4
Nh5 16. Be3 cxd4 17. Bxd4 Bxd4 18. Nxd4 e5 19. Ndb5 Nf6 20. Rad1 Re6 21. Bf3
Bc6 22. Nd5 Bxb5 23. Nxf6+ Rxf6 24. cxb5 Nc5 25. b4 axb4 26. axb4 Ne6 27. Qd2
Rxf3 28. gxf3 Nf4 29. Qe3 Qxh3 0-1

[Event "VII Open Autunno"]
[Site "Robecchetto con Induno ITA"]
[Date "2010.10.28"]
[Round "4"]
[White "Paolillo, Giampiero"]
[Black "Barrera, Pietro"]
[Result "1/2-1/2"]
[WhiteElo "1693"]
[BlackElo "1886"]
[PlyCount "53"]
[EventDate "2010.10.07"]

1. e4 g6 2. d4 Bg7 3. f4 d6 4. Nf3 a6 5. Bd3 e6 6. O-O Ne7 7. Be3 O-O 8. Qd2
Nd7 9. Ng5 Nc6 10. Qe2 b6 11. c3 Bb7 12. Nd2 h6 13. Nh3 d5 14. e5 Ne7 15. g4 c5
16. f5 exf5 17. gxf5 Nxf5 18. Bxf5 gxf5 19. Qh5 cxd4 20. cxd4 Nxe5 21. Bxh6 Ng6
22. Bxg7 Kxg7 23. Qxf5 Bc8 24. Qf3 Bxh3 25. Qxh3 Qg5+ 26. Qg2 Qe3+ 27. Qf2
1/2-1/2